Operaciones de tesorería / (Registro nro. 6770)
[ vista simple ]
| 000 -LEADER | |
|---|---|
| fixed length control field | 01386cam a2200289 a 4500 |
| 003 - CONTROL NUMBER IDENTIFIER | |
| control field | OSt |
| 005 - DATE AND TIME OF LATEST TRANSACTION | |
| control field | 20200729112500.0 |
| 008 - FIXED-LENGTH DATA ELEMENTS--GENERAL INFORMATION | |
| fixed length control field | 070525s2006 ck ad r 001 0 spa d |
| 020 ## - INTERNATIONAL STANDARD BOOK NUMBER | |
| International Standard Book Number | 9583390097 |
| 040 ## - CATALOGING SOURCE | |
| Original cataloging agency | CO-BoPUJ |
| Transcribing agency | CO-JMCR |
| 041 0# - LANGUAGE CODE | |
| Language code of text/sound track or separate title | spa |
| 082 04 - DEWEY DECIMAL CLASSIFICATION NUMBER | |
| Classification number | 658.152 / |
| Item number | C146o |
| Edition number | 21 |
| 100 1# - MAIN ENTRY--PERSONAL NAME | |
| Personal name | Calderón Acevedo, Sergio |
| Relator term | autor |
| 9 (RLIN) | 8059 |
| 245 10 - TITLE STATEMENT | |
| Title | Operaciones de tesorería / |
| Statement of responsibility, etc. | Sergio Calderón Acevedo |
| 250 ## - EDITION STATEMENT | |
| Edition statement | Primera edición |
| 260 ## - PUBLICATION, DISTRIBUTION, ETC. | |
| Place of publication, distribution, etc. | Bogotá : |
| Name of publisher, distributor, etc. | Colegio de Estudios Superiores de Administración, |
| Date of publication, distribution, etc. | 2006. |
| 300 ## - PHYSICAL DESCRIPTION | |
| Extent | 279 páginas : |
| Other physical details | ilustraciones, cuadros y gráficas ; |
| Dimensions | 24 cm. |
| 504 ## - BIBLIOGRAPHY, ETC. NOTE | |
| Bibliography, etc. note | Incluye referencias bibliográficas e índice. |
| 505 0# - FORMATTED CONTENTS NOTE | |
| Title | Opciones de liquidez. -- |
| -- | Descuento de valores. -- |
| -- | Valoración a precios de mercado. -- |
| -- | Operaciones especulativas. -- |
| -- | Instrumentos de cobertura. -- |
| -- | Administración de riesgo. |
| 520 ## - SUMMARY, ETC. | |
| Summary, etc. | El libro Operaciones de tesorería describe muchos de estos instrumentos, y guía al lector a través del proceso de descuento y de valoración a precios de mercado de los diferentes títulos (TES, bonos, aceptaciones, CDT, etc.) que son trasladados en el mercado público de valores. |
| 650 24 - SUBJECT ADDED ENTRY--TOPICAL TERM | |
| Topical term or geographic name entry element | Mercado de capitales |
| 9 (RLIN) | 8060 |
| 650 24 - SUBJECT ADDED ENTRY--TOPICAL TERM | |
| Topical term or geographic name entry element | Mercado de valores |
| 9 (RLIN) | 5874 |
| 650 24 - SUBJECT ADDED ENTRY--TOPICAL TERM | |
| Topical term or geographic name entry element | Inversiones |
| 9 (RLIN) | 8061 |
| 650 24 - SUBJECT ADDED ENTRY--TOPICAL TERM | |
| Topical term or geographic name entry element | Riesgo (Finanzas) |
| 9 (RLIN) | 8062 |
| 650 24 - SUBJECT ADDED ENTRY--TOPICAL TERM | |
| Topical term or geographic name entry element | Administración de riesgos |
| 9 (RLIN) | 8063 |
| 942 ## - ADDED ENTRY ELEMENTS (KOHA) | |
| Source of classification or shelving scheme | Dewey Decimal Classification |
| Koha item type | Books |
| Withdrawn status | Lost status | Source of classification or shelving scheme | Damaged status | Not for loan | Home library | Current library | Shelving location | Date acquired | Coded location qualifier | Total Checkouts | Full call number | Barcode | Date last seen | Copy number | Price effective from | Koha item type |
|---|---|---|---|---|---|---|---|---|---|---|---|---|---|---|---|---|
| Dewey Decimal Classification | Biblioteca Pública José María del Castillo y Rada | Biblioteca Pública José María del Castillo y Rada | General Stacks | 04/15/2018 | $0. | 658.152 / C146o | 201809947 | 05/16/2024 | Ej.1 | 04/15/2018 | Books |